| 000 | 00434nam a2200133Ia 4500 | ||
|---|---|---|---|
| 008 | 231129s2001||||xx |||||||||||||| ||spa|| | ||
| 020 | _a958-33-2438-8 | ||
| 040 | _bspa | ||
| 082 | _a370.152 N718 | ||
| 245 | 0 | _aEl niño que piensa. Un modelo de formación de maestros | |
| 260 | _c2001 | ||
| 264 | _aSantiago de Cali Colombia : Artes Gráficas del Valle Editores Impresores | ||
| 942 |
_2ddc _cBKS |
||
| 999 |
_c11868 _d11868 |
||